000 00684cam a22002054a 4500
020 _a1565492226 (pbk. : alk. paper)
020 _a9781565492226
040 _cDLC
082 0 0 _a949 KUM 2006 A101 Or.
245 0 0 _aTransacting transition :
_bthe micropolitics of democracy assistance in the former Yugoslavia /
260 _aBloomfield, CT :
_bKumarian Press,
_cc2006.
300 _ax, 214 p. :
_bill., maps ;
_c23 cm.
650 0 _aDemocratization
650 0 _aCivil society
650 0 _aEconomic assistance, American
650 0 _aTechnical assistance, American
700 1 _aBrown, Keith,
856 4 1 _uhttp://www.loc.gov/catdir/toc/ecip0611/2006010521.html
942 _cEK
999 _c13577
_d13577